<The> Principle of the influence of social conditions on the foundation and development of cooperatives

Zakladanie prvých úverových družstiev. Vývoj úverových družstiev v rokoch 1894-1918. Družstevné teórie a princípy. Súčasná odvetvová štruktúra družstiev na Slovensku vo vybranom období.

Guardado en:
Detalles Bibliográficos
Autor principal: Bartoš, Adam
Otros Autores: Kováčiková, Kristína
Formato: Capítulo de libro
Lenguaje:inglés
Materias:
Etiquetas: Agregar Etiqueta
Sin Etiquetas, Sea el primero en etiquetar este registro!

MARC

LEADER 00000nla$a2200000$$$4500
001 0226457
005 20240527074734.2
041 0 |a eng 
044 |a SK 
245 1 0 |a <The> Principle of the influence of social conditions on the foundation and development of cooperatives  |c Adam Bartoš, Kristína Kováčiková 
520 |a Zakladanie prvých úverových družstiev. Vývoj úverových družstiev v rokoch 1894-1918. Družstevné teórie a princípy. Súčasná odvetvová štruktúra družstiev na Slovensku vo vybranom období. 
610 2 0 |a družstvá 
610 2 0 |a družstvá úverové 
610 2 0 |a vzdelávanie 
610 2 0 |a chudoba 
610 2 0 |a rozvoj sociálny 
610 2 0 |a Slovensko 
100 1 |a Bartoš, Adam 
700 1 |a Kováčiková, Kristína